Sanctions in the CalWORKS program (Record no. 38743)
[ view plain ]
| 000 -LEADER | |
|---|---|
| fixed length control field | 01825nam a2200397 a 4500 |
| 082 04 - DEWEY DECIMAL CLASSIFICATION NUMBER | |
| Classification number | 362.5/8409794 |
| 100 1# - MAIN ENTRY--AUTHOR NAME | |
| Personal name | Klerman, Jacob Alex. |
| 245 10 - TITLE STATEMENT | |
| Title | Sanctions in the CalWORKS program |
| 260 ## - PUBLICATION, DISTRIBUTION, ETC. (IMPRINT) | |
| Place of publication | Santa Monica, CA : |
| Name of publisher | RAND Corporation, |
| Year of publication | 2008. |
| 300 ## - PHYSICAL DESCRIPTION | |
| Number of Pages | xxiv, 154 p. : |
| Other physical details | ill. |
| 490 1# - SERIES STATEMENT | |
| Series statement | Technical report ; |
| 505 0# - FORMATTED CONTENTS NOTE | |
| Formatted contents note | Introduction -- CalWORKS sanction policy -- Implementation of sanction policy -- Why clients are sanctioned and home visits -- Prevalence of sanction and characteristics of those sanctioned -- Conclusion. |
| 650 #0 - SUBJECT ADDED ENTRY--TOPICAL TERM | |
| Topical Term | Aid to families with dependent children programs |
| Topical Term | Welfare recipients |
| Topical Term | Fines (Penalties) |
| 700 1# - ADDED ENTRY--PERSONAL NAME | |
| Personal name | Burstain, P. Jane McClure. |
| 856 40 - ELECTRONIC LOCATION AND ACCESS | |
| Uniform Resource Identifier | http://site.ebrary.com/lib/rucke/Doc?id=10235199 |
No items available.
